000 01073nam a2200277Ia 4500
001 ebr10069609
003 CaPaEBR
006 m u
007 cr cn|||||||||
008 040121s2003 ne s 000 0 eng d
020 _z1402015135
040 _aCaPaEBR
_cCaPaEBR
035 _a(OCoLC)559227185
050 1 4 _aP241
_b.Y43 2003eb
245 0 0 _aYearbook of morphology 2003
_h[electronic resource] /
_cedited by Geert Booij and Jaap van Marle.
260 _aDordrecht :
_aLondon :
_bKluwer Academic,
_c2003.
300 _a279 p.
533 _aElectronic reproduction.
_bPalo Alto, Calif. :
_cebrary,
_d2009.
_nAvailable via World Wide Web.
_nAccess may be limited to ebrary affiliated libraries.
650 0 _aGrammar, Comparative and general
_xMorphology
_vPeriodicals.
650 0 _aLinguistics.
655 7 _aElectronic books.
_2local
700 1 _aBooij, G. E.
700 1 _aMarle, Jaap van.
710 2 _aebrary, Inc.
856 4 0 _uhttp://site.ebrary.com/lib/rucke/Doc?id=10069609
_zAn electronic book accessible through the World Wide Web; click to view
999 _c29392
_d29392